| 000 | 00724nam a2200205Ia 4500 | ||
|---|---|---|---|
| 001 | 2462 | ||
| 003 | GE_BSU | ||
| 008 | 181216s||||||||xx |||||||||||||| ||und|| | ||
| 040 | _cGE_BSU | ||
| 080 | _a94(479.22)+94(5) | ||
| 245 | _aსაქართველოს ისტორიის აღმოსავლური მასალები. წიგნ.I | ||
| 245 | _c[რედ. ვ. გაბაშვილი] | ||
| 260 | _aთბილისი | ||
| 260 | _bმეცნიერება | ||
| 260 | _c1976 | ||
| 300 | _a126 გვ. | ||
| 541 | _h5 ლ. | ||
| 653 | _aსაქართველოს ისტორიის აღმოსავლური მასალები | ||
| 942 | _cBK | ||
| 999 |
_c36543 _d36543 |
||